Statystyki dla Kształty państw azjatyckich

Kliknij tutaj aby rozwiązać quiz!

Ogólne statystyki

  • Ten quiz został rozwiązany 7 258 razy
  • Średni wynik to 27 z 48

Statystyki odpowiedzi

Odpowiedź% Poprawnych
Indie
99%
Chiny
98%
Japonia
97%
Turcja
93%
Wietnam
88%
Indonezja
77%
Pakistan
77%
Cypr
71%
Filipiny
71%
Sri Lanka
71%
Tajlandia
71%
Iran
69%
Nepal
68%
Malediwy
67%
Mjanma
66%
Irak
65%
Kazachstan
64%
Mongolia
63%
Tajwan
63%
Afganistan
62%
Izrael
60%
Laos
60%
Arabia Saudyjska
57%
Gruzja
57%
Malezja
57%
Oman
56%
Syria
52%
Uzbekistan
52%
Jemen
51%
Bangladesz
50%
Jordania
49%
Turkmenistan
47%
Korea Północna
46%
Azerbejdżan
45%
Korea Południowa
45%
Zjednoczone Emiraty Arabskie
42%
Kirgistan
41%
Kuwejt
41%
Timor Wschodni
40%
Armenia
37%
Bhutan
34%
Singapur
34%
Tadżykistan
34%
Kambodża
32%
Katar
32%
Liban
31%
Brunei
29%
Bahrajn
25%

Rozkład punktacji

Percentyl według liczby udzielonych odpowiedzi

Procent ludzi z każdym wynikiem

Twoja historia wyników

Nie rozwiązałeś tego quizu